Sports Quiz

Random Sports or NFL Quiz

NFL First 400 Yard Passer Per Team Quiz Stats

 Plays Quiz Updated Jan 5, 2015

Challenge
Share
Tweet
Embed
Score 0/32 Timer 08:00
0 Plays Today
Team Quarterback % Correct
TexansMatt Schaub
85.7%
49ersJoe Montana
77.6%
JetsJoe Namath
73.8%
ColtsJohnny Unitas
73.7%
JaguarsMark Brunell
65.7%
ChargersDan Fouts
65.2%
VikingsFran Tarkenton
61.3%
SaintsAaron Brooks
56.3%
BengalsKen Anderson
49.2%
ChiefsLen Dawson
46.7%
GiantsY.A. Tittle
44.4%
RavensVinny Testaverde
44.3%
SeahawksDave Krieg
38.6%
BrownsOtto Graham
37.8%
LionsScott Mitchell
37.1%
RedskinsSammy Baugh
34.2%
Team Quarterback % Correct
BuccaneersDoug Williams
34%
BearsSid Luckman
33.6%
FalconsSteve Bartkowski
28.5%
CowboysDon Meredith
24%
CardinalsCharley Johnson
22.4%
PanthersChris Weinke
22.2%
DolphinsDavid Woodley
19.2%
BillsJoe Ferguson
19%
SteelersBobby Layne
12.5%
PatriotsBabe Parilli
7.7%
RaidersTom Flores
5.7%
PackersDon Horn
4.2%
BroncosFrank Tripucka
3.7%
Titans (Oilers)Jacky Lee
2.3%
EaglesBobby Thomason
1.9%
RamsJim Hardy
1.6%

You're not logged in!

Compare scores with friends on all Sporcle quizzes.
OR
Log In

You Might Also Like...

Show Comments

Extras

Top Quizzes Today


Score Distribution

Your Account Isn't Verified!

In order to create a playlist on Sporcle, you need to verify the email address you used during registration. Go to your Sporcle Settings to finish the process.

Report this User

Report this user for behavior that violates our Community Guidelines.

Details: